000 00965nam2a22002171 4500
001 RU\NLR\A2\4529
005 20251214191634.0
035 _a(NLR Aleph) 009858049
090 _a13487873
_c13487873
100 _a19970123d1738 u y0rusy50 ca
101 0 _ager
200 1 _aVon den speciebus mit gantzen und gebrochenen Zahlen
210 _d1738
215 _a[12], 277 с.
461 1 _1001RU\NLR\A2\4531
_12000#$aEinleitung zur Rechen-Kunst zum Gebrauch des Gymnasii bey der Kayserlichen Academiae der Wissenschafften in St. Petersburg$vTh.1
_1700#1$aEuler$bL.$f1707-1783$gLeonhard$4070
_910373329
_aEuler, L. (1707-1783)
_c[St. Petersburg (St.- Peterburg)]
_d1738-1740
_nGedruckt in der Academischen Buchdruckerey
_tEinleitung zur Rechen-Kunst zum Gebrauch des Gymnasii bey der Kayserlichen Academiae der Wissenschafften in St. Petersburg
_vTh.1
801 0 _aRU
_bNLR
_c19970123
852 _aNLR
_j5.9.7.93
942 _cBOOK
980 _ain18
980 _aNB